|
|
|
|
| LEADER |
00000naa a2200000uu 4500 |
| 001 |
vtls011079001 |
| 003 |
SK-MaSNL |
| 005 |
20260302135426.0 |
| 008 |
210905|2009 xo |||||||||||||||||rus| |
| 015 |
|
|
|a SNBRA
|
| 035 |
|
|
|a (urnnbn)urn:nbn:sk:snk:ar-a0cgwa
|
| 035 |
|
|
|a (uuid)a10bf7df-dcea-4f47-919e-1d4e0741eeee
|
| 035 |
|
|
|a urn:nbn:sk:snk-aavmyf
|
| 040 |
|
|
|a SNKBUCL
|b slo
|c SNKBUCL
|e AACR2
|
| 041 |
0 |
|
|a rus
|
| 044 |
|
|
|a xo
|c SK
|
| 100 |
1 |
|
|a Malinina, T. V.
|4 aut
|9 823997
|
| 245 |
1 |
0 |
|a Osnovnyje napravlenija razvitija rozničnych rynkov električeskoj energii i moščnosti v Rossii
|c T. V. Malinina, I. A. Korolev
|
| 700 |
1 |
|
|a Korolev, I. A.
|4 aut
|9 823998
|
| 773 |
0 |
|
|t Elektroenergetika 2009
|d Košice : Technical University, 2009
|g S. 376-379
|z 9788055304014 viaz
|
| 958 |
|
|
|a OND
|
| 958 |
|
|
|a article12
|
| 958 |
|
|
|a chapter
|
| 999 |
|
|
|c 1327310
|d 1329240
|